000 00408 a2200145 4500
020 _a9788497806848
020 _a8497806840
041 _aspa
100 _aBull, Jane.
245 _aCon estas Manitas / Jane Bull ; traduccion de Joan Andreano Weyland.
260 _aMadrid : ItsImagical, c2010
300 _a1 volume (sin paginar) : color il. ;
_c24 cm
700 1 0 _aAndreano Weyland, Joan
942 _cBK
999 _c24090
_d24090